Význam nákladov a ich účtovné poňatie vo finančnom a nákladovom účtovníctve bakalárska práca

Gespeichert in:
Bibliographische Detailangaben
1. Verfasser: Fehérová, Katarína
Körperschaft: Fakulta hospodárskej informatiky EU. Katedra účtovníctva a audítorstva
Weitere Verfasser: Zeleníková, Katarína
Format: Buch
Sprache:Slowakisch
Veröffentlicht: Bratislava 2010
Tags: Tag hinzufügen
Keine Tags, Fügen Sie das erste Tag hinzu!

MARC

LEADER 00000nam$a2200000$$$4500
001 0136736
005 20240320072855.1
041 0 |a slo 
044 |a SK 
245 1 0 |a Význam nákladov a ich účtovné poňatie vo finančnom a nákladovom účtovníctve  |b bakalárska práca  |c Katarína Fehérová ; školiteľ: Katarína Zeleníková 
264 1 |a Bratislava  |c 2010 
300 |a 42 s. 
100 1 |a Fehérová, Katarína 
700 1 |a Zeleníková, Katarína 
710 2 |a Fakulta hospodárskej informatiky EU. Katedra účtovníctva a audítorstva